000 01015nam0a22002531 4500
001 rc\3549936
005 20250610020540.0
021 _aRU
_bРг16373-72
021 _aRU
_b71-68934
035 _a(NLR Aleph) 007637585
090 _a6091027
_c6091027
100 _a20130115d1971 |||y0rusy50 ca
101 0 _arus
102 _aRU
105 _ay z |||||
200 1 _aТезисы докладов
_fМ-во здрав. СССР. Мин. мед. ин-т. Всесоюз. студенческая науч. конф. мед., фармац. и стоматол. ин-тов. 14-17 сент. 1971 г.
210 _aМинск
_cБ. и.
_d1971
215 _a55 с.
_d22
710 1 2 _aВсесоюзная студенческая науч. конференция медицинских, фармацевтических и стоматологических институтов (1971; Минск)
801 0 _aRU
_bNLR
_gpsbo
801 1 _aRU
_bELAR
_2rusmarc
852 _aNLR
_j72-6/9190
942 _cBOOK
980 _aNB